| 000 | 00761nam a2200253 a 4500 | ||
|---|---|---|---|
| 001 | 34147 | ||
| 003 | BD-RjUL | ||
| 005 | 20211209052119.0 | ||
| 008 | 140514r19491922enk 001 0 eng d | ||
| 035 | _a(BD-RjUL)34241 | ||
| 040 |
_aDLC _cFNP _dm.c _dBD-RjUL _beng |
||
| 041 | _aeng | ||
| 082 |
_a302.15 _bHOE 1949 |
||
| 100 | 1 |
_aHobhouse, L. T. _q(Leonard Trelawny), _d1864-1929. _991566 |
|
| 245 | 1 | 4 |
_aThe elements of social justice / _cby L.T. Hobhouse |
| 260 |
_aLondon : _bG. Allen & Unwin, _c1922 [Impression 1949]. |
||
| 300 |
_a[6] 208 p. ; _c22 cm |
||
| 504 | _aIncludes bibliographical references and index. | ||
| 650 | 0 |
_aSocial ethics _95055 |
|
| 650 | 0 |
_aSociology _9103795 |
|
| 740 | 0 | _aSocial justice | |
| 942 |
_2ddc _cBK |
||
| 999 |
_c34147 _d34147 |
||